Eurovision Song Contest Entrants - Sudden Death - Statistics

General Stats
  • This quiz has been taken 103 times
    102 since last reset
  • The average score is 9 of 18
Answers on the Grid
Answers color-coded by a green-red scale on the quiz's grid according to % correct below.
ABBA
A-ha
Alla Pugacheva
Andrea Bocelli
Anna Vissi
Björk
Celine Dion
Children of Bodom
Cliff Richard
Coldplay
Enya
Helena Paparizou
Jedward
Julio Iglesias
Kylie Minogue
Lordi
Måneskin
Manizha
Matt Monro
Olivia Newton-John
Patricia Kaas
Rammstein
Rosalía
Roxette
Ruslana
Scorpions
Serge Gainsbourg
Tarkan
t.A.T.u.
The Cranberries
Tina Turner
Tokio Hotel
Verka Serduchka
 
Answer Stats
Answer % Correct
ABBA
98%
Celine Dion
79%
Lordi
73%
Måneskin
73%
Ruslana
67%
Helena Paparizou
64%
Jedward
64%
Verka Serduchka
64%
t.A.T.u.
55%
Olivia Newton-John
52%
Cliff Richard
44%
Anna Vissi
42%
Manizha
42%
Julio Iglesias
38%
Patricia Kaas
33%
Alla Pugacheva
29%
Matt Monro
12%
A-ha
3%
No matching quizzes found
Score Distribution
Percent of People with Each Score
Percentile by Number Answered
Your Score History
You have not taken this quiz since the last reset